01000cam a2200241 a 450000100100000000500170001000800410002702000150006804000250008308200180010810000420012624500490016826000730021730000200029049000250031049000700033558600300040565000290043565000430046495201150050795201210062299900150074300000594720200929151844.0801117s1978 sp 001 p spa  a8400044053 aDO-SdBNPbspacBNPHU a861.64bP181b1 aPalomero, Visitación,d1954-91675210aBajo las alusiones /cVisitación Palomero. aZaragoza, España :bInstitución Fernando el Católico,c[1978]. a56 p. ;c25 cm.1 a"San Jorge"vvol. 191 aPublicación de la Institución Fernando el Católicovno. 705 aPremio "San Jorge", 1978. 4aPoesía española9631 4aLiteratura españolaySIGLO XXI94846 001050718MOaGRbGRcHDd2009-08-24iLF1l0o861.64 P181bp5947-10r2020-06-25w2020-06-25y1ZNo se presta 001150718MOaGRbGRcMId2017-05-18iLF1l0o861.64 P181bp5947-20r2020-06-25te. 2w2020-06-25y1ZNo se presta c5743d5743